[Event "Leipzig VfB op 25th"]
[Site "Leipzig"]
[Date "2018.03.24"]
[Round "7"]
[White "Langheinrich, Ferenc"]
[Black "Meier, Thomas"]
[Result "1/2-1/2"]
[WhiteElo "2377"]
[BlackElo "2202"]
[PlyCount "132"]
[EventDate "2018.03.20"]
[EventType "swiss"]
[EventRounds "9"]
[EventCountry "GER"]
[SourceTitle "CBM 183 Extra"]
[Source "ChessBase"]
[SourceDate "2018.04.19"]
[SourceVersion "1"]
[SourceVersionDate "2018.04.19"]
[SourceQuality "1"]

1. e4 c5 2. Nf3 d6 3. d4 cxd4 4. Nxd4 Nf6 5. Nc3 a6 6. h3 g6 7. Be3 Bg7 8. a4 Nc6 9. Nxc6 bxc6 10. e5 Nd5 11. Nxd5 cxd5 12. Qxd5 Be6 13. Qd2 Bxe5 14. c3 0-0 15. Be2 Qc7 16. a5 Bc4 17. Bb6 Qc6 18. 0-0 Rac8 19. Rfe1 Bxe2 20. Qxe2 Qc4 21. Kf1 Rc6 22. Qxc4 Rxc4 23. Ke2 Bf6 24. Red1 Rfc8 25. Ra3 Kf8 26. Rda1 Ke8 27. Ra4 e6 28. Rxc4 Rxc4 29. Kd3 d5 30. Ra3 Kd7 31. Rb3 e5 32. Be3 h5 33. Rb7+ Rc7 34. Rb8 e4+ 35. Ke2 Be5 36. Ra8 Rc6 37. Ra7+ Ke6 38. Bb6 f5 39. Rxa6 d4 40. cxd4 Bxd4 41. Ra8 Bxb6 42. axb6 Rxb6 43. h4 f4 44. Ra5 Rxb2+ 45. Kf1 Rd2 46. Rg5 Kf6 47. Rb5 Rd6 48. Rg5 Rd1+ 49. Ke2 Rh1 50. g3 e3 51. gxf4 exf2 52. Kxf2 Rxh4 53. Kg3 Rh1 54. Ra5 Rg1+ 55. Kf2 Rd1 56. Kf3 Rd3+ 57. Ke4 Rd6 58. Ra3 Rc6 59. Kf3 Rc5 60. Ra8 Rc3+ 61. Ke4 h4 62. Ra6+ Kg7 63. f5 gxf5+ 64. Kxf5 h3 65. Kg4 h2 66. Ra1 Kg6 1/2-1/2

[Event "Oberliga Wuerttemberg 1617"]
[Site "Wuerttemberg"]
[Date "2017.04.23"]
[Round "11.3"]
[White "Petrova, Kristyna"]
[Black "Meier, Thomas"]
[Result "1-0"]
[WhiteElo "2271"]
[BlackElo "2201"]
[PlyCount "125"]
[EventDate "2016.09.25"]
[EventType "team-tourn"]
[EventRounds "11"]
[EventCountry "GER"]
[SourceTitle "EXT 2019"]
[Source "ChessBase"]
[SourceDate "2018.10.10"]
[SourceVersion "1"]
[SourceVersionDate "2018.10.10"]
[SourceQuality "1"]
[WhiteTeam "Schwaebisch Gmuend"]
[BlackTeam "Erdmannhausen"]
[WhiteTeamCountry "GER"]
[BlackTeamCountry "GER"]

1. e4 c5 2. Nf3 d6 3. d4 cxd4 4. Nxd4 Nf6 5. Nc3 a6 6. Be2 g6 7. Be3 Bg7 8. 0-0 0-0 9. a4 Nc6 10. Nb3 Be6 11. f4 Rc8 12. Re1 Nb4 13. Bf3 Qc7 14. a5 Bxb3 15. cxb3 e6 16. Bb6 Qe7 17. Ra4 Nc6 18. b4 Nd7 19. Bf2 g5 20. g3 gxf4 21. gxf4 Bh6 22. Bg3 Rfd8 23. Bg2 Nf8 24. b5 axb5 25. Nxb5 Bg7 26. Nc3 Qc7 27. Bf2 Qe7 28. a6 bxa6 29. Rxa6 Ng6 30. Be3 Qf6 31. Rf1 Nh4 32. Bh3 Ng6 33. Bg2 Qe7 34. Qa4 Qd7 35. Kh1 Nge7 36. Rd1 Rb8 37. Nb5 d5 38. e5 Nf5 39. Bf2 Bf8 40. Bh3 Nb4 41. Ra5 Be7 42. Bxf5 exf5 43. Nd4 Qc8 44. Qb3 Nc6 45. Qg3+ Kf8 46. Rg1 Ke8 47. Qg8+ Bf8 48. e6 Rb7 49. exf7+ Rxf7 50. Nxc6 Qxc6 51. Re1+ Re7 52. Rxe7+ Kxe7 53. Qxh7+ Ke8 54. Qh5+ Kd7 55. Qxf5+ Kc7 56. Qh7+ Kc8 57. Qh3+ Kb8 58. Qb3+ Kc8 59. Qh3+ Kb8 60. Qb3+ Kc8 61. Qc3 Qxc3 62. bxc3 Bh6 63. Ra8+ 1-0

[Event "Oberliga Wuerttemberg 1617"]
[Site "Wuerttemberg"]
[Date "2017.02.05"]
[Round "7.4"]
[White "Meier, Thomas"]
[Black "Puerckhauer, Soeren"]
[Result "1/2-1/2"]
[WhiteElo "2201"]
[BlackElo "2152"]
[PlyCount "28"]
[EventDate "2016.09.25"]
[EventType "team-tourn"]
[EventRounds "11"]
[EventCountry "GER"]
[SourceTitle "EXT 2019"]
[Source "ChessBase"]
[SourceDate "2018.10.10"]
[SourceVersion "1"]
[SourceVersionDate "2018.10.10"]
[SourceQuality "1"]
[WhiteTeam "Erdmannhausen"]
[BlackTeam "Sontheim/Brenz"]
[WhiteTeamCountry "GER"]
[BlackTeamCountry "GER"]

1. d4 d5 2. Nf3 c6 3. c4 Bf5 4. Nc3 e6 5. Qb3 Qc8 6. Bf4 Nf6 7. Rc1 Nbd7 8. e3 Be7 9. h3 h6 10. Be2 0-0 11. 0-0 Rd8 12. Rfd1 dxc4 13. Bxc4 Nb6 14. Be2 Bd6 1/2-1/2

[Event "Oberliga Wuerttemberg 1617"]
[Site "Wuerttemberg"]
[Date "2017.01.15"]
[Round "6.4"]
[White "Stuermer, Robin Gabriel"]
[Black "Meier, Thomas"]
[Result "1-0"]
[WhiteElo "2186"]
[BlackElo "2201"]
[PlyCount "133"]
[EventDate "2016.09.25"]
[EventType "team-tourn"]
[EventRounds "11"]
[EventCountry "GER"]
[SourceTitle "EXT 2019"]
[Source "ChessBase"]
[SourceDate "2018.10.10"]
[SourceVersion "1"]
[SourceVersionDate "2018.10.10"]
[SourceQuality "1"]
[WhiteTeam "Heilbronn"]
[BlackTeam "Erdmannhausen"]
[WhiteTeamCountry "GER"]
[BlackTeamCountry "GER"]

1. d4 d5 2. c4 e6 3. Nf3 Nf6 4. Nc3 Be7 5. Bg5 0-0 6. e3 h6 7. Bf4 c5 8. dxc5 Bxc5 9. cxd5 Nxd5 10. Nxd5 exd5 11. Qa4 Nc6 12. Bb5 Bb4+ 13. Ke2 Qb6 14. Ne5 Be7 15. Rhd1 Bf6 16. Nxc6 bxc6 17. Bxc6 Ba6+ 18. Kf3 Rad8 19. Rac1 g5 20. Bc7 Qxc7 21. Qxa6 Qxh2 22. Qf1 Bxb2 23. Rb1 Qe5 24. Qb5 Qe4+ 25. Ke2 Qc2+ 26. Kf1 Rb8 27. Qxd5 Rfc8 28. Bb7 Rc5 29. Qe4 Qxe4 30. Bxe4 Rcb5 31. Rd7 a5 32. Bd5 Kh8 33. Bxf7 a4 34. Ra7 a3 35. Rd1 R5b7 36. Rd7 Rxa7 37. Rxa7 Rc8 38. Ke2 Rc2+ 39. Kf3 Rd2 40. Be6 Bc1 41. Rf7 Rd6 42. Bf5 Kg8 43. Rc7 Bb2 44. Kg4 Rd2 45. Kh5 Kf8 46. Rc2 Rxc2 47. Bxc2 Kg7 48. g3 Bc1 49. e4 Bd2 50. Kg4 Kf6 51. f4 gxf4 52. gxf4 h5+ 53. Kf3 h4 54. e5+ Ke6 55. Ke4 h3 56. f5+ Kf7 57. Bb3+ Kg7 58. Bd1 h2 59. Bf3 Bc3 60. Kd5 Bb2 61. Kd6 Bc3 62. Bd5 Bb4+ 63. Kd7 Kh6 64. e6 Kg5 65. e7 Bxe7 66. Kxe7 Kxf5 67. Kd6 1-0

[Event "Untergrombach op 34th"]
[Site "Untergrombach"]
[Date "2017.01.06"]
[Round "5"]
[White "Meier, Thomas"]
[Black "Farmani Anosheh, Yasha"]
[Result "1/2-1/2"]
[WhiteElo "2188"]
[BlackElo "2049"]
[PlyCount "78"]
[EventDate "2017.01.03"]
[EventType "swiss"]
[EventRounds "7"]
[EventCountry "GER"]
[SourceTitle "CBM 176 Extra"]
[Source "ChessBase"]
[SourceDate "2017.03.02"]
[SourceVersion "1"]
[SourceVersionDate "2017.03.02"]
[SourceQuality "1"]

1. d4 Nf6 2. c4 e6 3. Nc3 Bb4 4. f3 d5 5. a3 Be7 6. e4 dxe4 7. fxe4 e5 8. Nf3 exd4 9. Qxd4 0-0 10. Bf4 c6 11. Qxd8 Rxd8 12. Be2 Bg4 13. h3 Bh5 14. e5 Nfd7 15. 0-0-0 Na6 16. Ne4 Ndc5 17. Nd6 Nb3+ 18. Kc2 Nac5 19. Rhe1 Bg6+ 20. Kc3 Na5 21. Kd4 Na4 22. b4 Nb3+ 23. Ke3 Nc3 24. Nxb7 Nxd1+ 25. Bxd1 Rd3+ 26. Kf2 Nd4 27. c5 Rb8 28. Na5 Bd8 29. Nxd4 Rxd4 30. Be3 Rxd1 31. Rxd1 Bxa5 32. bxa5 Bf5 33. Rd4 Kf8 34. Rb4 Rxb4 35. axb4 a6 36. Bg5 Bd3 37. Ke3 Bf1 38. Kf2 Bd3 39. Ke3 Bf1 1/2-1/2

[Event "Untergrombach op 34th"]
[Site "Untergrombach"]
[Date "2017.01.04"]
[Round "3"]
[White "Weidauer, Sigurd"]
[Black "Meier, Thomas"]
[Result "0-1"]
[WhiteElo "2038"]
[BlackElo "2188"]
[PlyCount "52"]
[EventDate "2017.01.03"]
[EventType "swiss"]
[EventRounds "7"]
[EventCountry "GER"]
[SourceTitle "CBM 176 Extra"]
[Source "ChessBase"]
[SourceDate "2017.03.02"]
[SourceVersion "1"]
[SourceVersionDate "2017.03.02"]
[SourceQuality "1"]

1. e4 c5 2. a3 b6 3. b4 Bb7 4. Nc3 g6 5. Bc4 Bg7 6. Qf3 Nf6 7. bxc5 bxc5 8. Rb1 Qc8 9. Bb2 0-0 10. Nge2 d6 11. 0-0 Nbd7 12. Qe3 Rb8 13. Ba1 Nb6 14. Ba2 Qc6 15. d4 cxd4 16. Nxd4 Qc5 17. Qd3 Rfc8 18. a4 Ng4 19. Ncb5 Ne5 20. Qe2 Nxa4 21. Kh1 a6 22. f4 Nd7 23. Nf5 Bxa1 24. Nxe7+ Kf8 25. Nxc8 axb5 26. Rxb5 Qxc8 0-1

[Event "Oberliga Wuerttemberg 1617"]
[Site "Wuerttemberg"]
[Date "2016.10.30"]
[Round "3.4"]
[White "Vujic, Branimir"]
[Black "Meier, Thomas"]
[Result "1-0"]
[WhiteElo "2385"]
[BlackElo "2201"]
[PlyCount "73"]
[EventDate "2016.09.25"]
[EventType "team-tourn"]
[EventRounds "11"]
[EventCountry "GER"]
[SourceTitle "EXT 2019"]
[Source "ChessBase"]
[SourceDate "2018.10.10"]
[SourceVersion "1"]
[SourceVersionDate "2018.10.10"]
[SourceQuality "1"]
[WhiteTeam "Boeblingen"]
[BlackTeam "Erdmannhausen"]
[WhiteTeamCountry "GER"]
[BlackTeamCountry "GER"]

1. d4 d5 2. Bf4 Bg4 3. h3 Bh5 4. c4 c6 5. Qb3 Qb6 6. e3 e6 7. c5 Qxb3 8. axb3 Nd7 9. b4 a6 10. b5 cxb5 11. Bxb5 Rc8 12. Ba4 Ne7 13. Nd2 Nc6 14. Ngf3 f6 15. g4 Bg6 16. 0-0 Be7 17. Nb3 Bd8 18. Bd6 h5 19. Kg2 Be4 20. Nbd2 Bd3 21. Rfe1 hxg4 22. hxg4 Kf7 23. Ra3 Be4 24. Nxe4 dxe4 25. Nd2 Ba5 26. Bxc6 Bxd2 27. Bxd7 Bxe1 28. Bxc8 Rxc8 29. Rb3 f5 30. Rxb7+ Kg6 31. Be5 Rg8 32. Re7 Kg5 33. Rxe6 a5 34. gxf5 Kxf5 35. Re7 g5 36. Bg3 Rc8 37. Re5+ 1-0

[Event "Leipzig VfB op 23rd"]
[Site "Leipzig"]
[Date "2016.03.19"]
[Round "8"]
[White "Meier, Thomas"]
[Black "Kuzmin, Yuriy"]
[Result "0-1"]
[WhiteElo "2194"]
[BlackElo "2183"]
[PlyCount "176"]
[EventDate "2016.03.15"]
[EventType "swiss"]
[EventRounds "9"]
[EventCountry "GER"]
[SourceTitle "EXT 2017"]
[Source "ChessBase"]
[SourceDate "2016.10.25"]
[SourceVersion "1"]
[SourceVersionDate "2016.10.25"]
[SourceQuality "1"]

1. d4 d5 2. Nf3 Nf6 3. c4 c6 4. Nc3 dxc4 5. a4 Bf5 6. e3 e6 7. Bxc4 Bb4 8. 0-0 0-0 9. Nh4 Nbd7 10. Nxf5 exf5 11. Qc2 g6 12. Rd1 Rc8 13. Bd2 Qa5 14. Rac1 Nb6 15. b3 Rfd8 16. Na2 Bxd2 17. Qxd2 Qxd2 18. Rxd2 c5 19. d5 Ne4 20. Rd3 Nd7 21. f3 Nd6 22. Rd2 Nf6 23. Nc3 Rc7 24. Kf2 Re7 25. a5 Rb8 26. Ra2 Nfe8 27. h3 Kf8 28. g4 Nc7 29. Rd2 b5 30. axb6 axb6 31. Bd3 Rbe8 32. Re1 b5 33. gxf5 gxf5 34. Bc2 Na6 35. Bd3 c4 36. bxc4 bxc4 37. Bb1 Rb7 38. Ra2 Nc5 39. Bc2 Reb8 40. Rea1 Rb2 41. Ke2 Nd3 42. Kd2 Ne5 43. Rxb2 Rxb2 44. f4 Nd3 45. Ra2 Ne4+ 46. Nxe4 Rxa2 47. Nc3 Ra1 48. Bxd3 cxd3 49. Kxd3 Ke7 50. Kd4 f6 51. Nb5 Rh1 52. Kc5 Rxh3 53. Nd6 Kd7 54. Nxf5 Rf3 55. Kd4 h5 56. Ke4 Rf2 57. Kd4 Rf1 58. Ke4 Rd1 59. Nh4 Kd6 60. Nf5+ Kc5 61. d6 Kc6 62. Kf3 Kd7 63. e4 Rd3+ 64. Ke2 Rb3 65. Kf2 Rb5 66. Kg3 Rb4 67. Kf3 Rb3+ 68. Kf2 Ra3 69. Kg2 Ra5 70. Kg3 Ke6 71. Kf3 Rxf5 72. d7 Kxd7 73. exf5 Kd6 74. Ke4 Kc5 75. Ke3 Kc4 76. Ke4 Kc5 77. Ke3 h4 78. Ke4 Kc4 79. Ke3 Kd5 80. Kf3 Kd4 81. Kg4 Ke4 82. Kxh4 Kxf4 83. Kh3 Kxf5 84. Kg3 Ke4 85. Kf2 Kf4 86. Kf1 Kf3 87. Kg1 f5 88. Kf1 f4 0-1

[Event "Leipzig VfB op 23rd"]
[Site "Leipzig"]
[Date "2016.03.18"]
[Round "6"]
[White "Meier, Thomas"]
[Black "Heinsohn, Guenter"]
[Result "1/2-1/2"]
[WhiteElo "2194"]
[BlackElo "2090"]
[PlyCount "112"]
[EventDate "2016.03.15"]
[EventType "swiss"]
[EventRounds "9"]
[EventCountry "GER"]
[SourceTitle "EXT 2017"]
[Source "ChessBase"]
[SourceDate "2016.10.25"]
[SourceVersion "1"]
[SourceVersionDate "2016.10.25"]
[SourceQuality "1"]

1. b3 d6 2. Bb2 e5 3. e3 Nf6 4. c4 Be7 5. Nc3 0-0 6. d4 Nbd7 7. Nf3 c6 8. Be2 Re8 9. Qc2 Bf8 10. 0-0 a6 11. Rac1 h6 12. Rfe1 e4 13. Nd2 d5 14. f3 exf3 15. Bxf3 Nb6 16. c5 Nbd7 17. b4 Nb8 18. Qd3 Be6 19. Rf1 Nbd7 20. Rce1 Qc7 21. Bd1 Bg4 22. Bb3 Be6 23. Rf3 Be7 24. Ref1 Nf8 25. Bc2 Bg4 26. Rg3 Bh5 27. e4 dxe4 28. Ndxe4 Nd5 29. Nxd5 cxd5 30. Nc3 Rad8 31. Ba4 Bh4 32. Rh3 Bg6 33. Qd1 Bg5 34. Bxe8 Rxe8 35. Nxd5 Qd7 36. Nf4 Bxf4 37. Rxf4 Ne6 38. Rf1 Be4 39. d5 Qxd5 40. Qxd5 Bxd5 41. a3 Ng5 42. Rg3 Re2 43. Bd4 f6 44. Rd1 Bc6 45. Bxf6 gxf6 46. h4 Kf7 47. hxg5 hxg5 48. Rf1 Kg6 49. Rf2 Re1+ 50. Kh2 f5 51. Rd3 f4 52. Rd8 Ra1 53. Rd3 Kf5 54. Rfd2 g4 55. Rd1 Ra2 56. R1d2 Ra1 1/2-1/2

[Event "Oberliga Wuerttemberg 1516"]
[Site "Wuerttemberg"]
[Date "2016.01.17"]
[Round "5.4"]
[White "Kessler, Luca"]
[Black "Meier, Thomas"]
[Result "1-0"]
[WhiteElo "2376"]
[BlackElo "2208"]
[PlyCount "127"]
[EventDate "2015.09.20"]
[EventType "team-tourn"]
[EventRounds "9"]
[EventCountry "GER"]
[SourceTitle "EXT 2019"]
[Source "ChessBase"]
[SourceDate "2018.10.10"]
[SourceVersion "1"]
[SourceVersionDate "2018.10.10"]
[SourceQuality "1"]
[WhiteTeam "Sontheim/Brenz"]
[BlackTeam "Erdmannhausen"]
[WhiteTeamCountry "GER"]
[BlackTeamCountry "GER"]

1. d4 d5 2. c4 e6 3. Nc3 Be7 4. Nf3 Nf6 5. Bf4 0-0 6. e3 c5 7. dxc5 Bxc5 8. Qc2 Nc6 9. Rd1 Qa5 10. Nd2 Be7 11. Bg3 Rd8 12. a3 Rd7 13. cxd5 exd5 14. Nb3 Qb6 15. Na4 Qd8 16. Bd3 Bd6 17. 0-0 Rc7 18. Nc3 Bxg3 19. hxg3 a6 20. Be2 Be6 21. Qb1 Qe7 22. Nd4 Ne5 23. Bf3 Rd8 24. Nde2 Bg4 25. Bxg4 Nexg4 26. Qf5 g6 27. Qf4 Qe5 28. Qxe5 Nxe5 29. Rd4 Nc4 30. Rb1 b5 31. g4 h6 32. Nf4 Rcd7 33. Nd3 Kg7 34. a4 bxa4 35. Nxa4 Rb8 36. Nac5 Rd6 37. b3 Rdb6 38. Ra1 Nd6 39. f3 Nb5 40. Rda4 Nc7 41. Kf2 Rd6 42. Ra5 Nd7 43. b4 Nxc5 44. Rxc5 Ne6 45. Rca5 Rbb6 46. Rc1 Rd8 47. Ke2 Kf6 48. Kd2 Rdd6 49. Rc8 d4 50. e4 Rdc6 51. Rxc6 Rxc6 52. f4 Ke7 53. e5 Nc7 54. f5 gxf5 55. gxf5 Rb6 56. Rc5 Kd7 57. Nf4 Rb8 58. Kd3 Nb5 59. Nd5 h5 60. Nf6+ Ke7 61. Rd5 h4 62. Rd7+ Kf8 63. e6 fxe6 64. fxe6 1-0

[Event "Staufer op-A 28th"]
[Site "Schwaebisch Gmuend"]
[Date "2016.01.04"]
[Round "6"]
[White "Meier, Thomas"]
[Black "Skembris, Spyridon"]
[Result "1/2-1/2"]
[WhiteElo "2246"]
[BlackElo "2416"]
[PlyCount "113"]
[EventDate "2016.01.02"]
[EventType "swiss"]
[EventRounds "9"]
[EventCountry "GER"]
[SourceTitle "CBM 170 Extra"]
[Source "ChessBase"]
[SourceDate "2016.02.25"]
[SourceVersion "1"]
[SourceVersionDate "2016.02.25"]
[SourceQuality "1"]

1. d4 Nf6 2. c4 e6 3. Nc3 c5 4. d5 exd5 5. cxd5 d6 6. Nf3 g6 7. Bf4 a6 8. a4 Bg7 9. h3 0-0 10. e3 Qe7 11. Bd3 Nbd7 12. 0-0 Nh5 13. Bh2 f5 14. a5 Ne5 15. Bxe5 Bxe5 16. Nxe5 Qxe5 17. Re1 Bd7 18. Bf1 Rae8 19. Qd2 Nf6 20. Rad1 Qe7 21. g3 Qd8 22. Ra1 Ne4 23. Qc2 h5 24. Kh2 h4 25. Bg2 hxg3+ 26. fxg3 Nxc3 27. Qxc3 Re5 28. b4 cxb4 29. Qxb4 Bb5 30. h4 Qe7 31. Qf4 Rc8 32. Rac1 Re8 33. Qh6 Qg7 34. Qxg7+ Kxg7 35. Rc3 Kf6 36. Kg1 Rb8 37. Rb1 Ree8 38. Kf2 Ke5 39. g4 b6 40. axb6 Rxb6 41. g5 Rb7 42. Bf3 Rh8 43. Kg3 Rbh7 44. Rb4 Rb7 45. Rb2 Rhb8 46. Rcb3 Rc7 47. Be2 Rc5 48. Bf3 Rbc8 49. Ra3 Rc1 50. Be2 R8c5 51. Bxb5 axb5 52. Ra8 Kxd5 53. Rd2+ Ke6 54. Rf8 R5c2 55. Rf6+ Ke5 56. Rdxd6 Rg1+ 57. Kf3 1/2-1/2

[Event "Rheinland Pfalz op 7th"]
[Site "Frankenthal"]
[Date "2015.06.06"]
[Round "6"]
[White "Boos, Patrick"]
[Black "Meier, Thomas"]
[Result "0-1"]
[WhiteElo "2038"]
[BlackElo "2209"]
[PlyCount "72"]
[EventDate "2015.06.04"]
[EventType "swiss"]
[EventRounds "7"]
[EventCountry "GER"]
[SourceTitle "EXT 2017"]
[Source "ChessBase"]
[SourceDate "2016.10.25"]
[SourceVersion "1"]
[SourceVersionDate "2016.10.25"]
[SourceQuality "1"]

1. e4 c5 2. Nf3 d6 3. d4 cxd4 4. Nxd4 Nf6 5. Nc3 a6 6. Bg5 e6 7. Qd2 Be7 8. 0-0-0 Qc7 9. f4 Nbd7 10. g4 b5 11. a3 Bb7 12. Bg2 Rc8 13. Kb1 Nb6 14. Bxf6 Bxf6 15. Ndxb5 axb5 16. Nxb5 Qc6 17. Nxd6+ Kf8 18. Nxc8 Nxc8 19. e5 Qxg2 20. Qxg2 Bxg2 21. exf6 gxf6 22. Rd8+ Kg7 23. Rxh8 Kxh8 24. Rd1 Kg7 25. c4 e5 26. fxe5 fxe5 27. b4 Kf6 28. b5 e4 29. Rg1 Bf3 30. Kc2 Ke5 31. Kc3 e3 32. Kd3 e2 33. Kd2 Nd6 34. Rc1 Kd4 35. c5 Ne4+ 36. Kc2 Nxc5 0-1

[Event "Rheinland Pfalz op 7th"]
[Site "Frankenthal"]
[Date "2015.06.06"]
[Round "5"]
[White "Meier, Thomas"]
[Black "Neuner, Johannes"]
[Result "1-0"]
[WhiteElo "2209"]
[BlackElo "2019"]
[PlyCount "69"]
[EventDate "2015.06.04"]
[EventType "swiss"]
[EventRounds "7"]
[EventCountry "GER"]
[SourceTitle "EXT 2017"]
[Source "ChessBase"]
[SourceDate "2016.10.25"]
[SourceVersion "1"]
[SourceVersionDate "2016.10.25"]
[SourceQuality "1"]

1. d4 d5 2. Nf3 Nf6 3. c4 c6 4. Nc3 a6 5. e3 b5 6. b3 Bg4 7. Be2 e6 8. 0-0 Nbd7 9. h3 Bh5 10. Bb2 Bd6 11. Rc1 0-0 12. Qc2 Bg6 13. Bd3 Bxd3 14. Qxd3 Qb8 15. Rc2 b4 16. Na4 Ne4 17. Rfc1 f5 18. cxd5 cxd5 19. Nc5 Ndxc5 20. dxc5 Be7 21. Be5 Qe8 22. c6 Bf6 23. c7 Qc8 24. Rc6 Bxe5 25. Nxe5 Nc3 26. a3 a5 27. axb4 axb4 28. R1xc3 bxc3 29. Qxc3 Ra7 30. b4 Rb7 31. Qc5 f4 32. exf4 Rxf4 33. b5 Re4 34. Qd6 Rf4 35. b6 1-0

[Event "Rheinland Pfalz op 7th"]
[Site "Frankenthal"]
[Date "2015.06.04"]
[Round "1"]
[White "Meier, Thomas"]
[Black "Schaedlich, Helmut"]
[Result "1-0"]
[WhiteElo "2209"]
[BlackElo "1801"]
[PlyCount "41"]
[EventDate "2015.06.04"]
[EventType "swiss"]
[EventRounds "7"]
[EventCountry "GER"]
[SourceTitle "EXT 2017"]
[Source "ChessBase"]
[SourceDate "2016.10.25"]
[SourceVersion "1"]
[SourceVersionDate "2016.10.25"]
[SourceQuality "1"]

1. d4 Nf6 2. c4 a6 3. Nc3 c5 4. Nf3 cxd4 5. Nxd4 Nc6 6. e4 d6 7. Be2 g6 8. 0-0 Bg7 9. Be3 Bd7 10. Rc1 0-0 11. f3 Ne8 12. Nd5 f5 13. exf5 Nxd4 14. Bxd4 Bxf5 15. Bxg7 Nxg7 16. Qb3 Rb8 17. Rfd1 b6 18. Bf1 Ne6 19. Qe3 Nc7 20. Nxe7+ Kg7 21. Nc6 1-0

[Event "Reutlingen op 17th"]
[Site "Reutlingen"]
[Date "2012.05.28"]
[Round "6"]
[White "Maeurer, Christoph"]
[Black "Meier, Thomas"]
[Result "1-0"]
[WhiteElo "2262"]
[BlackElo "2213"]
[PlyCount "97"]
[EventDate "2012.05.25"]
[EventType "swiss"]
[EventRounds "7"]
[EventCountry "GER"]
[SourceTitle "EXT 2015"]
[Source "ChessBase"]
[SourceDate "2014.11.20"]
[SourceVersion "1"]
[SourceVersionDate "2014.11.20"]
[SourceQuality "1"]

1. Nf3 d5 2. c4 c6 3. e3 Nf6 4. Nc3 e6 5. b3 Bd6 6. Bb2 0-0 7. Be2 a6 8. d4 Nbd7 9. Qc2 Qe7 10. 0-0 b6 11. e4 dxe4 12. Nxe4 Nxe4 13. Qxe4 Bb7 14. Bd3 g6 15. Rad1 Nf6 16. Qe3 Rad8 17. Bb1 Nh5 18. Ne5 Ng7 19. c5 Bc7 20. b4 b5 21. Be4 Rc8 22. Qf3 Bb8 23. g3 Qe8 24. Qc3 f6 25. Nf3 Qf7 26. Bc2 Rce8 27. Rfe1 Bc8 28. Bb3 Nf5 29. Rd2 Ne7 30. Ng5 Nd5 31. Bxd5 exd5 32. Nxf7 Rxe1+ 33. Kg2 Kxf7 34. f3 Rfe8 35. Rf2 R1e3 36. Qd2 Bf5 37. Bc1 Re1 38. g4 Bb1 39. h4 Kg8 40. a3 Bc7 41. Qc3 Rd1 42. Rd2 Rxd2+ 43. Qxd2 f5 44. gxf5 Bxf5 45. Qg5 Bd8 46. Qg3 Bf6 47. Bh6 Bxd4 48. Qd6 Re1 49. Qf8# 1-0

[Event "Prague op-A 11th"]
[Site "Prague"]
[Date "2012.01.17"]
[Round "6"]
[White "Ivanov, Mikhail M"]
[Black "Meier, Thomas"]
[Result "1-0"]
[WhiteElo "2389"]
[BlackElo "2224"]
[PlyCount "63"]
[EventDate "2012.01.13"]
[EventType "swiss"]
[EventRounds "9"]
[EventCountry "CZE"]
[SourceTitle "CBM 146 Extra"]
[Source "ChessBase"]
[SourceDate "2012.02.29"]
[SourceVersion "1"]
[SourceVersionDate "2012.02.29"]
[SourceQuality "1"]

1. d4 d5 2. c4 e6 3. Nc3 Be7 4. cxd5 exd5 5. Bf4 Nf6 6. e3 0-0 7. Bd3 c5 8. dxc5 Bxc5 9. Nge2 Nc6 10. 0-0 a6 11. Rc1 Be6 12. Na4 Bd6 13. Nc5 Bxc5 14. Rxc5 Nh5 15. Qb1 f5 16. h3 Nxf4 17. Nxf4 Qd6 18. Rfc1 Ne5 19. b4 Rad8 20. Rc7 d4 21. Nxe6 Qxe6 22. Bc2 Kh8 23. exd4 Rxd4 24. Bxf5 Qd6 25. Rc8 Nc6 26. Rxf8+ Qxf8 27. Bxh7 Rd2 28. Qf5 Qxf5 29. Bxf5 Rxa2 30. Be4 Rb2 31. Bxc6 bxc6 32. Rxc6 1-0

[Event "Jena Schwarzer Baer op"]
[Site "Jena"]
[Date "2009.02.08"]
[Round "7"]
[White "Paehtz, Thomas Sr"]
[Black "Meier, Thomas"]
[Result "1-0"]
[WhiteElo "2443"]
[BlackElo "2228"]
[PlyCount "59"]
[EventDate "2009.02.04"]
[EventType "swiss"]
[EventRounds "7"]
[EventCountry "GER"]
[SourceTitle "EXT 2010"]
[Source "ChessBase"]
[SourceDate "2010.11.25"]
[SourceVersion "1"]
[SourceVersionDate "2010.11.25"]
[SourceQuality "1"]

1. e4 c5 2. Nf3 d6 3. d4 cxd4 4. Nxd4 Nf6 5. Nc3 Nc6 6. Bg5 e6 7. Qd2 Be7 8. 0-0-0 0-0 9. f3 Qb6 10. Be3 Nxd4 11. Bxd4 Qc7 12. Nb5 Qd8 13. Bxf6 Bxf6 14. Qxd6 Qa5 15. Qa3 Qb6 16. f4 e5 17. f5 a6 18. Nc3 Qe3+ 19. Kb1 Bg5 20. h4 Bf4 21. Rh3 Qf2 22. Nd5 Re8 23. Rf3 Qxh4 24. g3 Bxg3 25. Rxg3 Bd7 26. Qf3 Bc6 27. Rg4 Qd8 28. f6 Bxd5 29. Rxg7+ Kf8 30. Rg8+ 1-0

[Event "Jena Schwarzer Baer op"]
[Site "Jena"]
[Date "2009.02.07"]
[Round "6"]
[White "Piankov, Evgenij"]
[Black "Meier, Thomas"]
[Result "1/2-1/2"]
[WhiteElo "2361"]
[BlackElo "2228"]
[PlyCount "106"]
[EventDate "2009.02.04"]
[EventType "swiss"]
[EventRounds "7"]
[EventCountry "GER"]
[SourceTitle "EXT 2010"]
[Source "ChessBase"]
[SourceDate "2010.11.25"]
[SourceVersion "1"]
[SourceVersionDate "2010.11.25"]
[SourceQuality "1"]

1. d4 d5 2. Bg5 h6 3. Bh4 c6 4. c3 Bf5 5. e3 Nd7 6. Bd3 Bxd3 7. Qxd3 Ngf6 8. Nd2 e6 9. Ngf3 Be7 10. 0-0 0-0 11. c4 Rc8 12. Qb3 Qb6 13. c5 Qxb3 14. axb3 a6 15. Ne5 g5 16. Bg3 Nxe5 17. Bxe5 Nd7 18. Bg3 e5 19. b4 e4 20. f3 f5 21. fxe4 fxe4 22. Nb3 Bd8 23. h3 Bc7 24. Rxf8+ Kxf8 25. Kh2 Bxg3+ 26. Kxg3 Kg7 27. Na5 Rc7 28. Rf1 Kg6 29. Kf2 Nf6 30. g4 h5 31. gxh5+ Nxh5 32. Kg2 Nf6 33. Rg1 Rh7 34. Rh1 Kf5 35. Nb3 Rg7 36. Nc1 Rg8 37. Nb3 Rg7 38. Rf1+ Kg6 39. Ra1 Rc7 40. Nc1 Nh5 41. Ne2 Ng7 42. Ng3 Nf5 43. Nxf5 Kxf5 44. Rf1+ Kg6 45. Kg3 Rf7 46. Rxf7 Kxf7 47. Kg4 Kg6 48. h4 gxh4 49. Kxh4 Kh6 50. Kg4 Kg6 51. Kf4 Kf6 52. b3 Ke6 53. Kg5 Ke7 1/2-1/2

[Event "Jena Schwarzer Baer op"]
[Site "Jena"]
[Date "2009.02.04"]
[Round "1"]
[White "Meier, Thomas"]
[Black "Guenther, Oliver"]
[Result "1-0"]
[WhiteElo "2228"]
[BlackElo "1978"]
[PlyCount "83"]
[EventDate "2009.02.04"]
[EventType "swiss"]
[EventRounds "7"]
[EventCountry "GER"]
[SourceTitle "EXT 2010"]
[Source "ChessBase"]
[SourceDate "2010.11.25"]
[SourceVersion "1"]
[SourceVersionDate "2010.11.25"]
[SourceQuality "1"]

1. d4 d5 2. Nf3 e6 3. c4 c6 4. cxd5 exd5 5. Nc3 Be7 6. Qc2 Nf6 7. Bg5 0-0 8. e3 h6 9. Bh4 Ne4 10. Bxe7 Qxe7 11. Bd3 f5 12. 0-0 Be6 13. Ne5 Rf6 14. a3 Nd7 15. b4 Nxc3 16. Qxc3 Nxe5 17. dxe5 Rff8 18. f4 Rac8 19. Rfc1 b6 20. Rab1 Rfd8 21. Be2 c5 22. Ba6 cxb4 23. Qxb4 Rxc1+ 24. Rxc1 Qxb4 25. axb4 d4 26. Rd1 d3 27. Kf2 d2 28. Ke2 Kf8 29. Rxd2 Rxd2+ 30. Kxd2 Ke7 31. Kc3 Bd5 32. g3 Be6 33. Kd4 Bb3 34. e4 g6 35. exf5 gxf5 36. Bd3 Be6 37. b5 Kd8 38. Bc4 Bc8 39. e6 Bb7 40. Ke5 Be4 41. Kf6 Ke8 42. e7 1-0